| 000 | 00798nam a22002057a 4500 | ||
|---|---|---|---|
| 999 |
_c5799 _d5799 |
||
| 003 | AR-CdUCM | ||
| 008 | 190313b ||||| |||| 00| 0 spa d | ||
| 040 |
_aMUNICIPALIDAD PROVINCIAL DEL CUSCO _cBIBLIOTECA MUNICIPAL DEL CUSCO |
||
| 082 |
_a150 / _bL44 |
||
| 100 |
_aLemlij , Moises _917205 |
||
| 245 | _aPsycho Analisis in Latin America / | ||
| 260 |
_aPerú : _bFEPAL , _c1993. |
||
| 300 |
_a310 páginas ; _c24.8 cm. |
||
| 505 | _aContenido : Joseph Sandler -- Saúl Peña -- Moisés Lemlij -- Argentine Psychoanalytic Association -- Brazilian Psychoanalytic society of rio de janeiro -- Brazilian Psychoanalytic Society of Sao Paulo... | ||
| 650 |
_aPsicoanalisis en Latinoamerica _917206 |
||
| 650 |
_aPsicoanalisis _917124 |
||
| 650 |
_aFreud _916135 |
||
| 942 |
_2ddc _cLIBROS |
||
| 945 | _artm | ||